NBA Leading Scorer Every Year by Letter - O - Statistics

General Stats
  • This quiz has been taken 14 times
  • The average score is 30 of 65
Answer Stats
Year Points Team Player % Correct
1985 20.6 Houston Rockets Hakeem Olajuwon
93%
1986 23.5 Houston Rockets Hakeem Olajuwon
93%
1987 23.4 Houston Rockets Hakeem Olajuwon
93%
1988 22.8 Houston Rockets Hakeem Olajuwon
93%
1989 24.8 Houston Rockets Hakeem Olajuwon
93%
1990 24.3 Houston Rockets Hakeem Olajuwon
93%
1991 21.2 Houston Rockets Hakeem Olajuwon
93%
1992 21.6 Houston Rockets Hakeem Olajuwon
93%
1993 26.1 Houston Rockets Hakeem Olajuwon
93%
1994 27.3 Houston Rockets Hakeem Olajuwon
93%
1996 26.9 Houston Rockets Hakeem Olajuwon
93%
1995 29.3 Orlando Magic Shaquille O'Neal
93%
1997 26.2 Los Angeles Lakers Shaquille O'Neal
93%
1998 28.3 Los Angeles Lakers Shaquille O'Neal
93%
1999 26.3 Los Angeles Lakers Shaquille O'Neal
93%
2000 29.7 Los Angeles Lakers Shaquille O'Neal
93%
2001 28.7 Los Angeles Lakers Shaquille O'Neal
93%
2002 27.2 Los Angeles Lakers Shaquille O'Neal
93%
2003 27.5 Los Angeles Lakers Shaquille O'Neal
93%
2009 17.8 Phoenix Suns Shaquille O'Neal
93%
2004 20.1 Indiana Pacers Jermaine O'Neal
86%
2005 24.3 Indiana Pacers Jermaine O'Neal
86%
2006 20.1 Indiana Pacers Jermaine O'Neal
86%
2007 19.4 Indiana Pacers Jermaine O'Neal
86%
2010 13.6 Miami Heat Jermaine O'Neal
86%
2014 13.8 Orlando Magic Victor Oladipo
57%
2015 17.9 Orlando Magic Victor Oladipo
57%
2017 15.9 Oklahoma City Thunder Victor Oladipo
57%
2018 23.1 Indiana Pacers Victor Oladipo
57%
2019 15.2 Phoenix Suns Kelly Oubre Jr.
36%
2020 18.7 Phoenix Suns Kelly Oubre Jr.
36%
2021 15.4 Golden State Warriors Kelly Oubre Jr.
36%
2022 15.0 Charlotte Hornets Kelly Oubre Jr.
36%
2024 15.4 Philadelphia 76ers Kelly Oubre Jr.
36%
2025 15.1 Philadelphia 76ers Kelly Oubre Jr.
36%
2011 14.4 Los Angeles Lakers Lamar Odom
36%
2012 9.9 New Orleans Hornets Emeka Okafor
29%
2013 9.7 Washington Wizards Emeka Okafor
29%
2016 17.5 Philadelphia 76ers Jahlil Okafor
29%
2008 14.5 Utah Jazz Mehmet Okur
21%
2023 12.5 Utah Jazz Kelly Olynyk
14%
1978 10.1 Portland Trail Blazers Tom Owens
14%
1979 18.5 Portland Trail Blazers Tom Owens
14%
1980 16.4 Portland Trail Blazers Tom Owens
14%
1977 10.4 San Antonio Spurs Mark Olberding
7%
1981 12.3 San Antonio Spurs Mark Olberding
7%
1982 13.8 San Antonio Spurs Mark Olberding
7%
1983 8.7 Chicago Bulls Mark Olberding
7%
1984 9.4 Kansas City Kings Mark Olberding
7%
1961 13.3 Detroit Pistons Don Ohl
0%
1962 17.0 Detroit Pistons Don Ohl
0%
1963 19.3 Detroit Pistons Don Ohl
0%
1964 17.3 Detroit Pistons Don Ohl
0%
1965 18.4 Baltimore Bullets Don Ohl
0%
1966 20.6 Baltimore Bullets Don Ohl
0%
1967 20.3 Baltimore Bullets Don Ohl
0%
1968 14.0 Baltimore Bullets Don Ohl
0%
1969 12.1 Atlanta Hawks Don Ohl
0%
1970 6.2 Atlanta Hawks Don Ohl
0%
1950 12.9 Tri-Cities Blackhawks Don Otten
0%
1951 8.5 Fort Wayne Pistons Don Otten
0%
1952 12.0 Milwaukee Hawks Don Otten
0%
1976 5.9 Seattle SuperSonics Frank Oleynick
0%
1953 5.6 Syracuse Nationals Wally Osterkorn
0%
1954 8.8 Syracuse Nationals Wally Osterkorn
0%
No matching quizzes found
Score Distribution
Percent of People with Each Score
Percentile by Number Answered
Your Score History
You have not taken this quiz